THE LION AND THE HARE / (Record no. 144384)

MARC details
000 -LEADER
fixed length control field 00395nam a22001577a 4500
005 - DATE AND TIME OF LATEST TRANSACTION
control field 20251108175853.0
008 - FIXED-LENGTH DATA ELEMENTS--GENERAL INFORMATION
fixed length control field 250721s9999 xx 000 0 eng d
082 14 - DEWEY DECIMAL CLASSIFICATION NUMBER
Classification number J/F/LIO
245 14 - TITLE STATEMENT
Title THE LION AND THE HARE /
264 1# - PRODUCTION, PUBLICATION, DISTRIBUTION, MANUFACTURE, AND COPYRIGHT NOTICE
Place of production, publication, distribution, manufacture DELHI :
Name of producer, publisher, distributor, manufacturer MANOJ,
300 ## - PHYSICAL DESCRIPTION
Extent 16P.
650 17 - SUBJECT ADDED ENTRY--TOPICAL TERM
Topical term or geographic name as entry element FICTION
653 ## - INDEX TERM--UNCONTROLLED
Uncontrolled term اطفال مرحلة متوسطة (6-9)سنوات
942 ## - ADDED ENTRY ELEMENTS (KOHA)
Source of classification or shelving scheme Dewey Decimal Classification
Koha item type Books
Holdings
حالة السحب حالة الفقدان مصدر التصنيف حالة التلف غير قابل للإعارة المكتبة الرئيسية المكتبة الحالية موقع الرف تاريخ التزويد الرقم المتسلسل Total Checkouts رقم الإستدعاء الباركود تاريخ آخر ظهور تاريخ الفاتورة نوع المادة (كوها)
    Dewey Decimal Classification     المكتبة المركزية المكتبة المركزية الأطفال 28/07/2025 1769357   J/F/LIO PLD00501987 28/07/2025 28/07/2025 Books
    Dewey Decimal Classification     المكتبة المركزية المكتبة المركزية الأطفال 28/12/2023 1783165   J/F/LIO PLD00507273 28/07/2025 28/12/2023 Books
    Dewey Decimal Classification     مكتبة أم المؤمنين للأطفال مكتبة أم المؤمنين للأطفال الأطفال 28/12/2023 1783167   J/F/LIO PLD00507275 28/07/2025 28/12/2023 Books
    Dewey Decimal Classification     مكتبة البيادر مكتبة البيادر الأطفال 28/12/2023 1783166   J/F/LIO PLD00507274 28/07/2025 28/12/2023 Books
Implemented & Customized by: BBB with SCIT (Smart Chains for Information Technology)

Powered by Koha